| 000 | 00664nam a2200217 a 4500 | ||
|---|---|---|---|
| 003 | BD-DhJNU | ||
| 005 | 20250317072105.0 | ||
| 008 | 821006s1983 cau b 000 0 eng | ||
| 020 | _a0534012892 | ||
| 040 |
_aBD-DhJNU _bENG _cBD-DhJNU _dBD-DhJNU |
||
| 082 | 0 | 0 |
_a174.2 MUI _223 |
| 100 | 1 | _aMunson, Ronald | |
| 245 | 0 | 0 |
_aIntervention and reflection : _bbasic issues in medical ethics / _cRonald Munson |
| 250 | _a2nd ed. | ||
| 260 |
_aBelmont, Calif. : _bWadsworth Pub. Co., _cc1983. |
||
| 300 |
_axv, 589 p. ; _c24 cm. |
||
| 504 | _aBibliography: p. 569-589. | ||
| 650 | 0 | _aMedical ethics. | |
| 650 | 0 |
_aMedical ethics _xProblems, exercises, etc. |
|
| 942 | _cBK | ||
| 999 |
_c1495 _d1495 |
||